|
|
|
|
| LEADER |
01338nam a2200337 i 4500 |
| 001 |
36733 |
| 003 |
BD-DhAAL |
| 005 |
20211129105144.0 |
| 008 |
191124t2019 nyu 000 0 eng d |
| 999 |
|
|
|c 41867
|d 41867
|
| 010 |
|
|
|a 2017058636
|
| 020 |
|
|
|a 9780134730417
|
| 020 |
|
|
|a 0134730410
|
| 040 |
|
|
|a DLC
|b eng
|c DLC
|e rda
|d DLC
|d BD-DhAAL
|
| 042 |
|
|
|a pcc
|
| 050 |
0 |
0 |
|a HG4026
|b .B686 2019
|
| 082 |
0 |
0 |
|a 658.15
|2 23
|
| 100 |
1 |
|
|a Brooks, Raymond M.,
|d 1950-
|9 37587
|
| 245 |
1 |
0 |
|a Financial management :
|b core concepts /
|c Raymond M. Brooks.
|
| 250 |
|
|
|a Fourth edition.
|
| 264 |
|
1 |
|a New York, NY :
|b Pearson,
|c c2019
|
| 300 |
|
|
|a xxviii, 625 pages ;
|c 28 cm
|
| 526 |
|
|
|a BBS
|
| 541 |
|
|
|a Trim Education
|e 36733, 36734
|
| 650 |
|
0 |
|a Business enterprises
|x Finance.
|9 37588
|
| 650 |
|
0 |
|a Corporations
|x Finance.
|9 37589
|
| 650 |
|
0 |
|a Business & finance
|9 43311
|
| 852 |
|
|
|a Ayesha Abed Library
|c General Stacks
|
| 942 |
|
|
|2 ddc
|c BK
|
| 952 |
|
|
|0 0
|1 0
|2 ddc
|4 0
|6 658_150000000000000_BRO
|7 0
|9 67245
|a BRACUL
|b BRACUL
|c GEN
|d 2019-11-20
|e Trim Education
|g 14150.00
|l 2
|m 3
|o 658.15 BRO
|p 3010036734
|r 2022-07-21
|s 2022-07-18
|t 2
|v 14150.00
|w 2019-11-20
|y BK
|
| 952 |
|
|
|0 0
|1 0
|2 ddc
|4 0
|6 658_150000000000000_BRO
|7 0
|9 67246
|a BRACUL
|b BRACUL
|c GEN
|d 2019-11-20
|e Trim Education
|g 14150.00
|l 2
|m 1
|o 658.15 BRO
|p 3010036733
|r 2025-08-26
|s 2025-08-19
|t 1
|v 14150.00
|w 2019-11-20
|y BK
|